[Event "44th Chess Olympiad Women 2022"]
[Site "Chennai"]
[Date "2022.07.30"]
[Round "2.50"]
[White "Magno, Angelica"]
[Black "Smith, Olivia"]
[Result "0-1"]
[WhiteElo "1211"]
[BlackElo "2038"]
[Annotator "NA RC"]
[PlyCount "60"]
[EventDate "2022.07.29"]
[EventType "team-tourn"]
[EventCountry "IND"]
[SourceTitle "playchess.com"]
[Source "ChessBase"]
[SourceQuality "1"]
[WhiteTeam "PLW"]
[BlackTeam "Wales"]
[BlackTeamCountry "WLS"]

1. d4 Nf6 2. c4 e6 3. Nf3 b6 4. g3 Ba6 5. Na3 Bxa3 6. bxa3 Bxc4 7. Bg2 Bd5 8.
O-O O-O 9. Bd2 d6 10. Re1 Ne4 11. Bc1 Nd7 12. Nd2 f5 13. f3 Nxd2 14. Bxd2 Qf6
15. e4 Qxd4+ 16. Be3 Qxd1 17. Rexd1 fxe4 18. fxe4 Bb7 19. Rac1 Nc5 20. h4 e5
21. Kh2 h6 22. a4 Rf7 23. Bxc5 bxc5 24. Rb1 Bc6 25. a5 Rf2 26. a3 Bxe4 27. Rg1
Raf8 28. Kh3 Rxg2 29. Rxg2 Bxb1 30. Rb2 Be4 0-1

[Event "44th Chess Olympiad Women 2022"]
[Site "Chennai"]
[Date "2022.07.30"]
[Round "2.52"]
[White "San Diego, Marie Antoinette"]
[Black "Sakai, Azumi"]
[Result "0-1"]
[WhiteElo "2101"]
[BlackElo "1759"]
[Annotator "NA RC"]
[PlyCount "164"]
[EventDate "2022.07.29"]
[EventType "team-tourn"]
[EventCountry "IND"]
[SourceTitle "playchess.com"]
[Source "ChessBase"]
[SourceQuality "1"]
[WhiteTeam "Philippines"]
[BlackTeam "Japan"]
[WhiteTeamCountry "PHI"]
[BlackTeamCountry "JPN"]

1. e4 e6 2. d4 d5 3. Nc3 Nf6 4. Bg5 Bb4 5. e5 h6 6. Bd2 Bxc3 7. Bxc3 Ne4 8. Ne2
c5 9. dxc5 Nxc5 10. g3 O-O 11. Bg2 Nc6 12. O-O Nd7 13. f4 b6 14. b4 Ba6 15. a4
Bc4 16. Rf2 Rc8 17. Nd4 Ndb8 18. b5 Nxd4 19. Bxd4 Nd7 20. Bh3 Nc5 21. f5 exf5
22. Bxf5 Ne6 23. Qg4 Qe7 24. a5 Bxb5 25. axb6 axb6 26. Bxb6 Rc4 27. Qf3 Bc6 28.
Ra7 Qb4 29. Bxe6 fxe6 30. Qxf8+ Qxf8 31. Rxf8+ Kxf8 32. Ra2 d4 33. Kf2 Be4 34.
Ke2 Rxc2+ 35. Rxc2 d3+ 36. Kd2 dxc2 37. h4 h5 38. Ba5 Ke7 39. Bc3 Kd7 40. Bb2
Kc6 41. Ke3 Kd5 42. Kf4 Bf5 43. Ke3 Kc4 44. Kd2 Kb3 45. Bc1 g6 46. Ke3 Ka2 47.
Kd2 Kb1 48. Ba3 Ka2 49. Bc1 Kb3 50. Ke3 Kc3 51. Ke2 Kd4 52. Bb2+ Ke4 53. Kf2
Bg4 54. Bc1 Kxe5 55. Ke3 Bf5 56. Bb2+ Kd5 57. Kf4 Be4 58. Kg5 Kc4 59. Bc1 Kd3
60. Kf6 Bf5 61. Ke5 Ke2 62. Bg5 Kd1 63. Kd4 c1=Q 64. Bxc1 Kxc1 65. Ke5 Kd2 66.
Kf4 Ke2 67. Kg5 e5 68. Kf6 e4 69. Ke5 Kf3 70. Kd4 e3 71. Kc3 e2 72. Kd2 Kf2 73.
Kc3 e1=Q+ 74. Kd4 Qe3+ 75. Kc4 Be6+ 76. Kb5 Qc3 77. g4 Qc4+ 78. Kb6 Bd5 79. g5
Qc6+ 80. Ka5 Qb7 81. Ka4 Qb6 82. Ka3 Qb3# 0-1

[Event "44th Chess Olympiad Women 2022"]
[Site "Chennai"]
[Date "2022.07.30"]
[Round "2.52"]
[White "Arai, Yuki"]
[Black "Nan M K Khine Hlyan"]
[Result "0-1"]
[WhiteElo "1495"]
[BlackElo "1979"]
[Annotator "NA RC"]
[PlyCount "52"]
[EventDate "2022.07.29"]
[EventType "team-tourn"]
[EventCountry "IND"]
[SourceTitle "playchess.com"]
[Source "ChessBase"]
[SourceQuality "1"]
[WhiteTeam "Japan"]
[BlackTeam "Myanmar"]
[WhiteTeamCountry "JPN"]
[BlackTeamCountry "MYA"]

1. e4 e5 2. Nf3 Nf6 3. Nxe5 d6 4. Nf3 Nxe4 5. d4 d5 6. Bd3 Bd6 7. h3 Qe7 8. O-O
O-O 9. Re1 f5 10. c4 c6 11. cxd5 cxd5 12. Qc2 Nc6 13. a3 Qf6 14. Qa4 g5 15. Nc3
Nxc3 16. bxc3 g4 17. Nh2 gxh3 18. g3 f4 19. g4 h5 20. f3 Qh4 21. Re2 hxg4 22.
Nxg4 Qg3+ 23. Kf1 Qxf3+ 24. Nf2 h2 25. Bh7+ Kxh7 26. Qc2+ Bf5 0-1

[Event "44th Chess Olympiad Women 2022"]
[Site "Chennai"]
[Date "2022.07.30"]
[Round "2.55"]
[White "Kannappan, Sigappi"]
[Black "Lam, Pooja"]
[Result "1-0"]
[WhiteElo "1914"]
[BlackElo "1163"]
[Annotator "NA"]
[PlyCount "79"]
[EventDate "2022.07.29"]
[EventType "team-tourn"]
[EventCountry "IND"]
[SourceTitle "playchess.com"]
[Source "ChessBase"]
[SourceQuality "1"]
[WhiteTeam "Hong Kong"]
[BlackTeam "Guyana"]
[WhiteTeamCountry "HKG"]
[BlackTeamCountry "GUY"]

1. e4 c6 2. d4 d5 3. Nd2 dxe4 4. Nxe4 Bf5 5. Ng3 Bg6 6. Nf3 Nf6 7. h4 h6 8. h5
Bh7 9. Bd3 Bxd3 10. Qxd3 e6 11. Bd2 Qc7 12. Qe2 Nbd7 13. O-O-O O-O-O 14. Ne5
Nxe5 15. dxe5 Nd7 16. Bc3 Be7 17. f4 Nb6 18. Ba5 Rd5 19. Rxd5 cxd5 20. Rd1 Qc5
21. Bxb6 Qxb6 22. Rd3 Kb8 23. Nf1 Rc8 24. g4 Rc4 25. f5 Qg1 26. Rg3 Re4 27.
Rxg1 Rxe2 28. Kd1 Re4 29. Nd2 Rd4 30. c3 Ra4 31. a3 Bg5 32. Nf3 Bf4 33. f6 gxf6
34. exf6 Be3 35. Rg2 Rf4 36. Ne5 Kc7 37. g5 hxg5 38. Ng4 Rf1+ 39. Ke2 Bf4 40.
Kxf1 1-0

[Event "44th Chess Olympiad Women 2022"]
[Site "Chennai"]
[Date "2022.07.30"]
[Round "2.55"]
[White "Shariff, Sasha Christina"]
[Black "Deng, Jing Xin Crystal"]
[Result "0-1"]
[WhiteElo "1183"]
[BlackElo "1914"]
[Annotator "NA"]
[PlyCount "76"]
[EventDate "2022.07.29"]
[EventType "team-tourn"]
[EventCountry "IND"]
[SourceTitle "playchess.com"]
[Source "ChessBase"]
[SourceQuality "1"]
[WhiteTeam "Guyana"]
[BlackTeam "Hong Kong"]
[WhiteTeamCountry "GUY"]
[BlackTeamCountry "HKG"]

1. e4 c5 2. Nf3 Nc6 3. d4 cxd4 4. Nxd4 g6 5. c4 Bg7 6. Be3 Nf6 7. Nc3 d6 8. Be2
O-O 9. O-O a6 10. b3 Bd7 11. f3 Rb8 12. Rb1 Nxd4 13. Bxd4 b5 14. Be3 Bc6 15.
Qd2 Nd7 16. Rfc1 b4 17. Nd5 a5 18. h4 h5 19. Bg5 Bxd5 20. cxd5 Nc5 21. Bh6 Qb6
22. Kh1 Rfc8 23. Bxg7 Kxg7 24. Qd4+ Kh7 25. f4 Qd8 26. g4 e5 27. Qf2 Nxe4 28.
Qe1 exf4 29. g5 Qd7 30. Kg2 Nc3 31. Rc2 Nxb1 32. Rxc8 Rxc8 33. Qxb1 Rc3 34. Kf2
Qh3 35. Bf1 Qe3+ 36. Kg2 Qd2+ 37. Kh1 Rc2 38. Qxc2 Qxc2 0-1

[Event "44th Chess Olympiad Women 2022"]
[Site "Chennai"]
[Date "2022.07.30"]
[Round "2.75"]
[White "Marusic, Nada"]
[Black "Tilman, Zulmira Americo"]
[Result "0-1"]
[WhiteElo "1955"]
[BlackElo "1255"]
[Annotator "NA RC"]
[PlyCount "68"]
[EventDate "2022.07.29"]
[EventType "team-tourn"]
[EventCountry "IND"]
[SourceTitle "playchess.com"]
[Source "ChessBase"]
[SourceQuality "1"]
[WhiteTeam "Slovenia"]
[BlackTeam "TLS"]
[WhiteTeamCountry "SLO"]

1. e4 e5 2. Nf3 Nc6 3. Nc3 Nf6 4. Bc4 Bc5 5. Ng5 O-O 6. d3 d6 7. O-O a6 8. b3
Ng4 9. Qf3 Nf6 10. Re1 Nd4 11. Qd1 c6 12. Na4 Bb4 13. c3 Ba5 14. cxd4 Bxe1 15.
Qxe1 exd4 16. Nf3 b5 17. Nb2 bxc4 18. Nxc4 c5 19. b4 h6 20. bxc5 dxc5 21. Ba3
Qc7 22. Rb1 Ng4 23. Nb6 Rb8 24. Qa5 Be6 25. Bxc5 Rfd8 26. Bxd4 Rxd4 27. Nxd4
Qxh2+ 28. Kf1 Qh1+ 29. Ke2 Qxb1 30. Qxa6 Qb2+ 31. Kd1 Nxf2+ 32. Ke1 Qxd4 33.
Na4 Qe3+ 34. Kf1 Rb1# 0-1